000 00536nam a2200181Ia 4500
003 GCL
008 140319s9999 xx 000 0 ara d
040 _aGCL /
_cGCL
082 0 4 _a519.5
_bد ا
100 1 _aابراهيم بسيونى عميرة
245 1 0 _aالاحصاء للمعلمين /
_cابراهيم بسيونى عميرة
700 1 _aدوجلاس ماكنتوش
260 _a[S.N] :
_bدار المعارف ،
_c1989
300 _a146
490 _a
650 0 4 _aالاحصاء الرياضى
942 _2ddc
_cBK
999 _c35460
_d35460